000 00573nam a2200217 a 4500
999 _c4548
_d4548
001 4548
003 BD-JhCC
005 20171128171136.0
008 171128s1963 bg |||| |||| 00| 0 eng d
035 _a(BD-JhCC)4548
040 _aBD-JhCC
_dBD-JhCC
041 _aeng
082 _a954.92
_bRAH 1963
100 _aRahim, Mohammad Abdur
245 _aSocial and cultural History of Bengal /
_cMohammad Abdur Rahim
260 _aKarachi :
_bPakistan Historical Society,
_c1963.
300 _a453 p. :
_c22 cm.
650 _aBangaldesh
942 _2ddc
_cBK